Recykláciu nezvýšia len limity
Recyklovanie znižuje rastúce objemy odpadu. Cirkulárna ekonomika predpokladá využívať v maximálnej miere opakovateľne používateľné výrobky, predlžovanie ich životnosti, vyrábanie opraviteľných výrobkov, posudzovanie výrobkov po ich životnosti ako druhotných surovín a recyklovanie výrobkov. Stanovené...
Salvato in:
| Autore principale: | |
|---|---|
| Natura: | Capitolo di libro |
| Lingua: | slovacco |
| Soggetti: | |
| Tags: |
Nessun Tag, puoi essere il primo ad aggiungerne!!
|
MARC
| LEADER | 00000naa a2200000 4500 | ||
|---|---|---|---|
| 001 | 0283402 | ||
| 005 | 20240417075203.6 | ||
| 041 | 0 | |a slo | |
| 044 | |a SK | ||
| 245 | 1 | 0 | |a Recykláciu nezvýšia len limity |c František Mátel |
| 520 | |a Recyklovanie znižuje rastúce objemy odpadu. Cirkulárna ekonomika predpokladá využívať v maximálnej miere opakovateľne používateľné výrobky, predlžovanie ich životnosti, vyrábanie opraviteľných výrobkov, posudzovanie výrobkov po ich životnosti ako druhotných surovín a recyklovanie výrobkov. Stanovené limity pre zvyšovanie podielu recyklácie odpadov sa nedarí plniť. Cena je jedným z hlavných dôvodov nezáujmu trhu o recyklované výrobky. Náklady na recyklovanie, ceny a odbyt na trhu. Možnosti podpory recyklácie. | ||
| 610 | 2 | 0 | |a recyklácia odpadu |
| 610 | 2 | 0 | |a ekonomika ekologická |
| 610 | 2 | 0 | |a ekonomika environmentálna |
| 610 | 2 | 0 | |a výrobky |
| 610 | 2 | 0 | |a výrobky ekologické |
| 610 | 2 | 0 | |a životnosť výrobkov |
| 610 | 2 | 0 | |a limity |
| 610 | 2 | 0 | |a náklady |
| 610 | 2 | 0 | |a ceny |
| 610 | 2 | 0 | |a odbyt |
| 100 | 1 | |a Mátel, František | |